The vendetta defense #6/ by Lisa Scottoline.
Available copies
- 3 of 3 copies available at LARL/NWRL Consortium.
- 1 of 1 copy available at Lake Agassiz Regional Library. (Show preferred library)
Current holds
0 current holds with 3 total copies.
View other formats and editions
Show Only Available Copies
| Location | Call Number / Copy Notes | Barcode | Shelving Location | Status | Due Date |
|---|---|---|---|---|---|
| Fosston Public Library | Sco (Text) | 33500006666267 | Main | Available | - |
| Hallock Public Library | SCO (Text) | 35500002964318 | Main | Available | - |
| Warroad Public Library | SCO (Text) | 35500003053202 | Main | Available | - |
Record details
- ISBN: 0060185074
- Physical Description: 390 p. ; 25 cm.
- Publisher: New York : HarperCollins, 2001.
Search for related items by subject
| Subject: | Philadelphia (Pa.) > Fiction. Italian Americans > Fiction. Trials (Murder) > Fiction. Homing pigeons > Fiction. Women lawyers > Fiction. Vendetta > Fiction. |
| Genre: | Legal stories. |
Search for related items by series
| LDR | 01385cam a2200361Ia 4500 | ||
|---|---|---|---|
| 001 | 31996 | ||
| 003 | LARL_NWRL_CONSORTIUM | ||
| 005 | 20001011134618.0 | ||
| 008 | 001003s2001 nyu 000 1 eng | ||
| 020 | . | ‡a0060185074 | |
| 035 | . | ‡a(OCoLC)45166713 | |
| 035 | 0 | 0. | ‡ilcmarc/AZD-6138/KRLTECH |
| 082 | 0 | 0. | ‡a813/.54 ‡221 |
| 099 | . | ‡aSco | |
| 100 | 1 | . | ‡aScottoline, Lisa. ‡0(LARL_NWRL_CONSORTIUM)139045 |
| 245 | 1 | 4. | ‡aThe vendetta defense ‡n#6/ ‡cby Lisa Scottoline. |
| 260 | . | ‡aNew York : ‡bHarperCollins, ‡c2001. | |
| 300 | . | ‡a390 p. ; ‡c25 cm. | |
| 490 | 0 | . | ‡aRosato and Associates ; ‡v6 |
| 651 | 0. | ‡aPhiladelphia (Pa.) ‡vFiction. ‡0(LARL_NWRL_CONSORTIUM)166612 | |
| 650 | 0. | ‡aItalian Americans ‡vFiction. ‡0(LARL_NWRL_CONSORTIUM)165222 | |
| 650 | 0. | ‡aTrials (Murder) ‡vFiction. ‡0(LARL_NWRL_CONSORTIUM)167629 | |
| 650 | 0. | ‡aHoming pigeons ‡vFiction. | |
| 650 | 0. | ‡aWomen lawyers ‡vFiction. ‡0(LARL_NWRL_CONSORTIUM)167904 | |
| 650 | 0. | ‡aVendetta ‡vFiction. ‡0(LARL_NWRL_CONSORTIUM)167809 | |
| 655 | 7. | ‡aLegal stories. ‡2gsafd | |
| 901 | . | ‡a31996 ‡bOCLC ‡c31996 ‡tbiblio | |

Add to basket
Permalink
Disable Highlighting